| Tag |
First Indicator |
Second Indicator |
Subfields |
| LEADER |
00000cam a2200000Ia 4500 |
| 001 |
in00002465249 |
| 005 |
20151110103109.0 |
| 008 |
860215s1947 txuab s000 0 eng d |
| 035 |
|
|
|a (OCoLC)ocm13155724
|
| 035 |
|
|
|a (OCoLC)13155724
|
| 040 |
|
|
|a TWT
|c TWT
|d AGL
|d OCLCQ
|d UtOrBLW
|
| 043 |
|
|
|a n-us-tx
|
| 049 |
|
|
|a TXAM
|
| 050 |
|
4 |
|a S117
|b .E3 no.688
|
| 070 |
0 |
|
|a 100
|b T31S (1) no.688
|
| 072 |
|
0 |
|a E110
|
| 072 |
|
0 |
|a E200
|
| 082 |
0 |
4 |
|a 630.7
|
| 086 |
|
|
|a Z TA245.7 B873 no.688
|2 txdocs
|
| 100 |
1 |
|
|a Motheral, Joe R.
|q (Joe Rankin)
|
| 245 |
1 |
4 |
|a The price of Texas farm and ranch lands 1920-1945 /
|c Joe R. Motheral, John H. Southern and Samuel L. Crockett.
|
| 264 |
|
1 |
|a College Station, Tex. :
|b Texas Agricultural Experiment Station,
|c 1947.
|
| 300 |
|
|
|a 39 pages :
|b illustrations, map ;
|c 23 cm.
|
| 336 |
|
|
|a text
|b txt
|2 rdacontent
|
| 337 |
|
|
|a unmediated
|b n
|2 rdamedia
|
| 338 |
|
|
|a volume
|b nc
|2 rdacarrier
|
| 490 |
1 |
|
|a Bulletin / Texas Agricultural Experiment Station ;
|v no. 688
|
| 500 |
|
|
|a Caption title.
|
| 500 |
|
|
|a "April, 1947."
|
| 650 |
|
0 |
|a Farms
|x Valuation
|z Texas.
|
| 650 |
|
0 |
|a Ranches.
|
| 700 |
1 |
|
|a Southern, John H.
|q (John Hoyle)
|
| 700 |
1 |
|
|a Crockett, Samuel L.
|
| 830 |
|
0 |
|a Bulletin (Texas Agricultural Experiment Station) ;
|v no. 688.
|
| 994 |
|
|
|a C0
|b TXA
|
| 948 |
|
|
|a cataloged
|b h
|c 2009/05/04
|e rzeske
|f 02:20:40 pm
|
| 999 |
|
|
|a MARS
|
| 999 |
f |
f |
|s a3ade6ae-8adf-352e-b4c6-bb1e7610faa3
|i 1f93ee89-048c-3dd7-ae9e-acb65038a1c7
|t 0
|
| 952 |
f |
f |
|p normal
|a Texas A&M University
|b College Station
|c Sterling C. Evans Library
|d Evans: Texas Documents (Annex 5th floor)
|t 0
|e Z TA245.7 B873 no.676-700
|h Superintendent of Documents classification
|i unmediated -- volume
|k no.676-700
|l 1945:Nov.-1948:July
|m A14821752643
|
| 952 |
f |
f |
|p noncirc
|a Texas A&M University
|b College Station
|c Cushing Memorial Library & Archives
|d Cushing: Dykes (Does not check out)
|t 0
|e S117 .E3 no.688
|f Vertical file
|h Library of Congress classification
|i unmediated -- volume
|
| 952 |
f |
f |
|a Texas A&M University
|b College Station
|c Sterling C. Evans Library
|d Evans: Texas Documents (Annex 5th floor)
|t 0
|e Z TA245.7 B873 no.676-700
|h Superintendent of Documents classification
|
| 998 |
f |
f |
|a S117 .E3 no.688
|t 0
|l Cushing: Dykes (Does not check out)
|
| 998 |
f |
f |
|a Z TA245.7 B873 no.676-700
|s 676-700
|t 0
|l Evans: Texas Documents (Annex 5th floor)
|